000
00340nam a2200145Ia 4500
003
OSt
005
20240108165839.0
008
170524s9999 xx 000 0 und d
020
_a
9788189612245
040
_c
IIMT UNIVERSITY
100
_a
SINGH- NISHANT
245
0
_a
MEDIA LEKHAN KALA
260
_b
OMEGA PUB. NEW DELHI
942
_2
ddc
_c
01
999
_c
9051
_d
9051